Pokémon fusionnés avec Mimiqui - Statistiques

Statistiques générales
  • Ce quiz a été pris 111 fois
  • Le résultat moyen est 12 sur 16
Statistiques - réponses
Par images Réponse % Correct
Deoxys
95%
Cosmog
93%
Nidoking
90%
Hypotrempe
89%
Macronium
88%
Latios
87%
Vigoroth
84%
Fouinar
81%
Roucoups
81%
Sorbébé
80%
Câblifère
75%
Rosabyss
75%
Aflamanoir
73%
Grimalin
68%
Charbi
42%
Golgopathe
6%
Aucun quiz correspondant
Distribution des résultats
% des personnes avec chaque résultat
Percentile par nombre de réponses
Votre historique - résultats
Vous n’avez pas pris ce quiz